[Event "Liptovsky Mikulas CupT U20"]
[Site "Liptovsky Mikulas"]
[Date "2017.06.25"]
[Round "7.3"]
[White "Wasik, Mateusz"]
[Black "Havel, Kristian"]
[Result "1-0"]
[WhiteElo "1484"]
[BlackElo "1447"]
[PlyCount "71"]
[EventDate "2017.06.21"]
[EventType "team-swiss"]
[EventRounds "8"]
[EventCountry "SVK"]
[SourceTitle "CBM 179 Extra"]
[Source "ChessBase"]
[SourceDate "2017.08.23"]
[SourceVersion "1"]
[SourceVersionDate "2017.08.23"]
[SourceQuality "1"]
[WhiteTeam "Krakow Wisla"]
[BlackTeam "Opavsko II"]
[WhiteTeamCountry "POL"]
[BlackTeamCountry "CZE"]

1. d4 f5 2. c4 Nf6 3. Nc3 e6 4. Nf3 Be7 5. g3 0-0 6. Bg2 c6 7. 0-0 d5 8. Qc2 Bd7 9. Bf4 Ne4 10. h4 Be8 11. a3 Nd7 12. b4 Nb6 13. c5 Nc4 14. Rfb1 h6 15. Ne5 g5 16. hxg5 hxg5 17. Bc1 Nxe5 18. dxe5 Qc7 19. Nxe4 dxe4 20. Bb2 Rd8 21. Rd1 Bh5 22. f3 exf3 23. exf3 Rxd1+ 24. Rxd1 Rd8 25. Kf2 Kf7 26. Bf1 Rxd1 27. Qxd1 Qd8 28. Qc2 Bg6 29. Bc4 Qd7 30. Bd3 Qd5 31. g4 Qd7 32. gxf5 Bxf5 33. Bxf5 exf5 34. Ke2 Qd5 35. Qxf5+ Kg7 36. e6+ 1-0